| 000 | 00929nam a22003017a 4500 | ||
|---|---|---|---|
| 003 | CHAP | ||
| 005 | 20220817042023.0 | ||
| 008 | 971013s1926 r 00010 d | ||
| 010 | _a32108 | ||
| 011 | _a33080 | ||
| 035 | _a37195 | ||
| 040 | _cCHAP | ||
| 082 |
_a330 _bM37p 1926 |
||
| 100 | 0 | 0 |
_aMartínez Sobral, Enrique. _972536 |
| 245 |
_aPrincipios de econónica _b: con especial referencia a las condiciones mejicanas |
||
| 250 | _a2 ed. | ||
| 260 |
_aMéxico, D.F. : _bLibrería Franco-Americana, _c1926 |
||
| 300 | _a872 p | ||
| 590 |
_aBATCH-UPD _b10 _c20130110 _lUCH01 _h1642 |
||
| 590 |
_aBATCH-UPD _b10 _c20130410 _lUCH01 _h1033 |
||
| 590 |
_aBATCH-UPD _b10 _c20130914 _lUCH01 _h1230 |
||
| 590 |
_aCONVERSION _b10 _c20130109 _lUCH01 _h1318 |
||
| 650 | 1 | 4 |
_aEconomía. _935226 |
| 650 | 1 | 4 |
_aMéxico _xCondiciones económicas. |
| 901 | _aBK | ||
| 942 | _cLIBRO | ||
| 949 |
_a330 M37p 1926 _bBC _cBPA _d-85261 _eBPA _i37195 _si |
||
| 999 |
_c32108 _d32108 |
||